LEADER 01865oam 2200529zu 450 001 996197429603316 005 20210807003058.0 010 $a3-527-61825-2 035 $a(CKB)1000000000687237 035 $a(SSID)ssj0000353927 035 $a(PQKBManifestationID)11270484 035 $a(PQKBTitleCode)TC0000353927 035 $a(PQKBWorkID)10290549 035 $a(PQKB)10499736 035 $a(EXLCZ)991000000000687237 100 $a20160829d2000 uy 101 0 $aeng 181 $ctxt 182 $cc 183 $acr 200 00$aCarbohydrates in chemistry and biology 210 31$a[Place of publication not identified]$cWiley VCH$d2000 300 $aBibliographic Level Mode of Issuance: Monograph 311 $a3-527-29511-9 327 $apt. 1. Chemistry of saccharides, v. 1. Chemical synthesis of glycosides and glycomimetics -- v.2. Enzymatic synthesis of glycosides and carbohydrate receptor interaction -- pt. 2. Biology of saccharides, v. 3. Biosynthesis and degradation of glycoconjugates -- v.4. Lectins and saccharide biology (v.1-2 comprise pt.1; v.3-4 comprise pt.2). 606 $aCarbohydrates 606 $aCarbohydrates 606 $aChemicals and Drugs 606 $aAnimal Biochemistry$2HILCC 606 $aHuman Anatomy & Physiology$2HILCC 606 $aHealth & Biological Sciences$2HILCC 615 0$aCarbohydrates 615 2$aCarbohydrates 615 2$aChemicals and Drugs 615 7$aAnimal Biochemistry 615 7$aHuman Anatomy & Physiology 615 7$aHealth & Biological Sciences 676 $a572/.56 702 $aSina’$b Pierre 702 $aSinačy$b Pierre 702 $aHart$b Gerald W 702 $aErnst$b Beat 801 0$bPQKB 906 $aBOOK 912 $a996197429603316 996 $aCarbohydrates in chemistry and biology$91974440 997 $aUNISA LEADER 03971nam 22005172 450 001 9910796306103321 005 20190717104601.0 010 $a1-909821-06-3 035 $a(CKB)3830000000058766 035 $a(UkCbUP)CR9781909821064 035 $a(Au-PeEL)EBL5485064 035 $a(OCoLC)1048792784 035 $a(MiAaPQ)EBC5485064 035 $a(EXLCZ)993830000000058766 100 $a20190507e20072002 uy| 0 101 0 $aeng 135 $aur||||||||||| 181 $ctxt$2rdacontent 182 $cc$2rdamedia 183 $acr$2rdacarrier 200 14$aThe Book in the Jewish World, 1700-1900 210 1$aLiverpool :$cLiverpool University Press,$d2007. 215 $a1 online resource (xvii, 251 pages) $cdigital, PDF file(s) 225 1 $aThe Littman Library of Jewish Civilization 300 $aOriginally published in 2002. 300 $aTitle from publisher's bibliographic system (viewed on 05 Jul 2019). 311 $a1-906764-05-0 311 $a1-874774-99-4 330 $aThis book offers the reader a voyage in the new world that opened up to the enlightened Jewish reader of the eighteenth and nineteenth centuries, a time when the first glimmerings of emancipation and secular education were giving large numbers of Jews their first exposure to science, literature, and art, and opening their minds to new ideas. And as on any voyage led by a knowledgeable guide, there are fascinating side-trips along the way: insights into the world of scholarship, then and now, and into the nature of knowledge. All this was happening at a time when Jews' civil status and place in society was undergoing great change in Europe. In this seminal work, Zeev Gries shows that although the history of the book in the Jewish world has long been regarded as the province of librarians and bibliophiles, it is in fact the history of the Jewish intellect. He starts by tracing the awakening of a dormant Jewish intelligentsia-men, women, and children who were thirsty for knowledge. Books were the magic kiss that opened new doors to the modern world; within a century, Jews were making invaluable contributions to the advancement of science and of culture more generally. By surveying the literary output of those years, the author is able to discover what books were being published, where they were published and distributed, and who was reading them. He surveys the fields of halakhic literature, ethical literature, kabbalistic and mystical literature, literature for children and women, and more general literature. He talks about the role of libraries and of book reviews. Above all, he considers the role of books as agents of culture: were they guardians of hallowed sanctity or harbingers of secularization? Gries shows how the types of books favoured by the Jewish reading public offer an insight into the changing nature of their 'portable homeland'. He then goes on to discuss the Haskalah movement and the tensions between increasing secularization and the more traditional world-view, as well as how the resurrection of Hebrew as a secular literary language contributed to the awakening of Jewish nationalism. Nevertheless, he argues that the study of literary history of the period reveals that secular and Zionist leanings were not the only trends present; Jewish literature continued to be permeated with the spirit of religion. 410 0$aLittman library of Jewish civilization (Series) 606 $aHebrew imprints$xHistory 606 $aBooks$xHistory$y18th century 606 $aBooks$xHistory$y19th century 606 $aJews$xIntellectual life 615 0$aHebrew imprints$xHistory. 615 0$aBooks$xHistory 615 0$aBooks$xHistory 615 0$aJews$xIntellectual life. 676 $a002.09/033 700 $aGries$b Zeev$0472125 801 0$bUkCbUP 801 1$bUkCbUP 906 $aBOOK 912 $a9910796306103321 996 $aSefer ke-sokhen tarbut$936189 997 $aUNINA